W JAKICH STACJACH TELEWIZYJNYCH TRANSMITOWANE SĄ MECZE PIŁKI NOŻNEJ? - Statystyki

Ogólne statystyki
  • Ten quiz został rozwiązany 124 razy
  • Średni wynik to 3 z 5
Statystyki odpowiedzi
Odpowiedź % Poprawnych
TVP
97%
POLSAT SPORT
80%
ELEVEN
72%
EUROSPORT
51%
CANAL PLUS SPORT
31%
Nie znaleziono quizów pasujących do podanych kryteriów
Rozkład punktacji
Procent ludzi z każdym wynikiem
Percentyl według liczby udzielonych odpowiedzi
Twoja historia wyników
Nie rozwiązałeś tego quizu